| 000 | 01369nam a2200337 i 4500 | ||
|---|---|---|---|
| 001 | 198140 | ||
| 003 | ES-MaACL | ||
| 005 | 20260608222925.0 | ||
| 007 | ta | ||
| 008 | 260302s2021 sp a|||| ||||o001 0 spa d | ||
| 017 |
_aM 21017-2021 _bOficina Depósito Legal Madrid |
||
| 020 | _a978-84-7812-829-7 | ||
| 040 |
_aES-MaACL _bspa _cES-MaACL _erda |
||
| 080 | _a821.134.2-92"18" | ||
| 100 | 1 |
_4aut _9176434 _aPardo Bazán, Emilia, _cCondesa de, _d1851-1921 _eaut |
|
| 245 | 1 | 3 |
_aLa vida contemporánea : _bedición conmemorativa en el centenario del fallecimiento de la escritora / _cEmilia Pardo Bazán |
| 250 | _a2ª edición (actualizada y corregida) | ||
| 264 | 1 |
_aMadrid : _bAyuntamiento de Madrid, Área de Cultura, Turismo y Deporte, _c2021 |
|
| 300 |
_a653 páginas : _bilustraciones (blanco y negro y color) ; _c34 cm |
||
| 336 |
_2rdacontent _aTexto |
||
| 337 |
_2rdamedia _asin mediación |
||
| 338 |
_2rdacarrier _avolumen |
||
| 490 | 0 |
_aTestimonios de prensa / Hemeroteca Municipal de Madrid ; _v9 |
|
| 504 | _aIncluye referencias bibliográficas e índices | ||
| 655 | 4 |
_9175745 _aArtículos |
|
| 852 |
_aES-MaACL _cDEPO1 _jA-15993 _hDonativo: Editorial _xEncuadernación rústica _9207104 |
||
| 942 |
_cMONOGRAFIA _n0 |
||
| 999 |
_c198140 _d198140 |
||